9 Points Gagnants #1 - Statistiques

Statistiques générales
  • Ce quiz a été pris 104 fois
  • Le résultat moyen est 13 sur 36
Statistiques - réponses
Valeur Question Réponse % Correct
1 Dans toutes les grandes compétitions, combien d’armes l’escrime compte-t-elle ? 3
82%
1 De quel groupe de rock Bono était-il le chanteur ? U2
82%
1 Combien de pattes y a-t-il dans un troupeau de 8 vaches, 4 poules et 2 chèvres unijambistes ? 42
80%
2 Combien une semaine compte-elle d’heures ? 168
72%
2 Quel est l'infinitif du verbe conjugué au passé simple dans la locution : "vous bûtes" ? Boire
71%
3 Lors de la finale de Coupe du Monde 2006, à quel footballeur italien Zinédine Zidane a-t-il asséné un coup de tête ? Materazzi, Marco
63%
2 Entre 1924 et 1991, quel était le nom de la ville russe de Saint- Pétersbourg ? Léningrad
60%
1 Dans la pièce de Beaumarchais, de quelle ville le « barbier » est-il originaire ? Séville
54%
1 Quel chiffre obtient-on si on multiplie tous les numéros présents sur un clavier téléphonique ? 0
53%
2 Quelle héroïne de bande-dessinée vit à Clocher-les-Bécasses ? Bécassine
46%
1 Complétez ces paroles de « L’école est finie » de Sheila : « Donne-moi ta main… » "Et prends la mienne"
40%
2 Quelle est la dernière lettre de l’alphabet grec ? Oméga
40%
2 En 1991, quel acteur reçoit trois Oscars grâce au film « Danse avec les loups » ? Costner, Kevin
39%
3 Quel nom désigne le cri du loup ? Hurlement
37%
3 Quel nom porte le cri du loup ? Hurlement
36%
3 En 1930, dans quel pays Tintin se rend-il dans le premier album de la série ? U.R.S.S.
36%
1 De quelle célèbre marionnette Gnafron est-il le complice ? Guignol
32%
1 Selon Karl Marx, qu’est-ce qui est l’ « opium du peuple » ? Religion
32%
1 Sur la pochette de quel album voit-on les Beatles traverser une rue sur un passage piéton ? Abbey Road
29%
1 Quel acteur et chanteur français avait pour nom de naissance Ivo Livi ? Montand, Yves
29%
2 En 1572, quelle reine de France fut l’instigatrice du Massacre de la Saint-Barthélémy ? De Médicis, Catherine
28%
1 Quel est l’organe le plus lourd du corps humain ? Peau
28%
3 Quelle est la cinquième lettre de l’alphabet grec ? Epsilon
24%
3 Au siècle dernier, par quel nom appelait-on l’île de Taïwan ? Formose
24%
2 A quel poète grec doit-on « OEdipe roi », « Antigone », et « Electre » ? Sophocle
24%
2 Quel animal est le symbole du parti démocrate américain ? Âne
23%
3 Quel pape est, à ce jour, le dernier pape de nationalité italienne ? Jean-Paul Ier
18%
3 Qui a été le dernier président de la troisième république française ? Lebrun, Albert
16%
3 Quelle céréale est également appelée le « gros mil » ? Sorgho
14%
2 Quelle est la devise de la monarchie britannique ? Dieu et mon droit
13%
1 En 2003, quel écrivain est l’auteur de « Oscar et la dame rose » ? Schmitt, Eric-Emmanuel
13%
3 Quel était le nom de la capitale indonésienne du temps où le pays était une colonie néerlandaise ? Batavia
10%
2 Quel pilote automobile, vainqueur du Paris-Dakar 1983, a remporté huit Grands Prix de Formule Un ? Ickx, Jacky
9%
3 Quel était le premier prénom de Mickey Mouse ? Mortimer
8%
3 Quel est le nom complet du village où, pendant sa fuite, Louis XVI fut arrêté en 1791 ? Varennes-en-Argonne
7%
2 En 1964, quel cinéaste américain réalise « My Fair Lady » ? Cukor, George
5%
Aucun quiz correspondant
Distribution des résultats
% des personnes avec chaque résultat
Percentile par nombre de réponses
Votre historique - résultats
Vous n’avez pas pris ce quiz